Urgencias en cuidados críticos en Reumatología / (Registro nro. 2228)
[ vista simple ]
| 000 -LEADER | |
|---|---|
| fixed length control field | 01059nam a2200265 a 4500 |
| 005 - FECHA ULTIMA MODIFICACION | |
| control field | 20240412114613.0 |
| 008 - CAMPO DE CONTROL (LIBRO) | |
| fixed length control field | 100804t2013||||sp a f1 s1 0pspadd |
| 020 ## - INTERNATIONAL STANDARD BOOK NUMBER | |
| ISBN | 9788498357066 |
| 041 ## - CODIGO DE IDIOMA | |
| Código de idioma del texto/pista de sonido o título separado | spa |
| 092 ## - SIGNATURA TOPOGRAFICA DEWEY LOCAL | |
| número de clasificación | 616.0274 |
| libristica | 3 |
| sección | ARA |
| 100 1# - ENTRADA PRINCIPAL--NOMBRE PERSONAL | |
| Nombre personal | Aragonés Manzanares, Rocío |
| Función | Coord. |
| 9 (RLIN) | 2193 |
| 245 ## - TITULO PROPIAMENTE DICHO | |
| Título | Urgencias en cuidados críticos en Reumatología / |
| Mención de responsabilidad y remanente de la transcripción de la portada | Rocío Aragonés Manzanares |
| 250 ## - MENCION DE EDICION | |
| Mención de edición | 1a ed. |
| 260 ## - PIE DE IMPRENTA | |
| Lugar de publicación, distribución, etc | Madrid: |
| Nombre de la editorial, distribuidor, etc | Editorial Médica Panamericana; |
| Fecha de publicación | 2013. |
| 300 ## - DESCRIPCION FISICA | |
| Extension | 414 p. |
| Otros detalles físicos | il. |
| Dimensiones | 17 cm. |
| 500 ## - NOTA GENERAL | |
| Nota general | Aragonés Manzanares, R. y Jiménez Núñez, F. G. (Coords.). (2013). Urgencias en cuidados críticos en Reumatología. (1a ed.). Madrid : Editorial Médica Panamericana. |
| 653 ## - TÉRMINO INDIZADO - PALABRAS CLAVES | |
| Palabra clave | Urgencias reumatológicas |
| 653 ## - TÉRMINO INDIZADO - PALABRAS CLAVES | |
| Palabra clave | Complicaciones sistémicas de las enfermedades reumáticas |
| 653 ## - TÉRMINO INDIZADO - PALABRAS CLAVES | |
| Palabra clave | Enfermedades infecciosas en reumatología |
| 653 ## - TÉRMINO INDIZADO - PALABRAS CLAVES | |
| Palabra clave | Cuidados intensivos y reumatología |
| 653 ## - TÉRMINO INDIZADO - PALABRAS CLAVES | |
| Palabra clave | Fármacos |
| 653 ## - TÉRMINO INDIZADO - PALABRAS CLAVES | |
| Palabra clave | Imagenología |
| 700 1# - ENTRADAS SECUNDARIAS - NOMBRE PERSONAL | |
| Nombre personal | Jiménez Núñez, Francisco Gabriel |
| Función | Coord. |
| 9 (RLIN) | 3024 |
| 942 ## - ADDED ENTRY ELEMENTS (KOHA) | |
| Source of classification or shelving scheme | Dewey Decimal Classification |
| Item type | Libros |
| Estado de retiro | Existencia | Fuente de clasificación | Estado general | No para prestamo | Colección | Ubicación permanente | ubicación actual | Sala de ubicación | Fecha de adquisición | Fuente de adquisición | Costo, precio normal de compra | Total Checkouts | Número de clasificación | Código de barras | Date last seen | Número de ejemplar | Price effective from | Koha tipo de elemento (item) | Public note |
|---|---|---|---|---|---|---|---|---|---|---|---|---|---|---|---|---|---|---|---|
| Dewey Decimal Classification | Reference | Biblioteca Medicina | Biblioteca Medicina | Referencia | 20/10/2015 | Compra Promed 3er año, Octubre 2015 | 508.00 | 616.0274 3 ARA | 3605 | 20/10/2015 | Ej.1 | 20/10/2015 | Reference | LIBRO DE CONSULTA. Compra Promed 3er año, Octubre 2015 | |||||
| Dewey Decimal Classification | Biblioteca Medicina | Biblioteca Medicina | Circulación | 20/10/2015 | Compra Promed 3er año, Octubre 2015 | 508.00 | 616.0274 3 ARA | 3606 | 20/10/2015 | Ej.2 | 20/10/2015 | Libros | Compra Promed 3er año, Octubre 2015 | ||||||
| Dewey Decimal Classification | Biblioteca Medicina | Biblioteca Medicina | Circulación | 20/10/2015 | Compra Promed 3er año, Octubre 2015 | 508.00 | 616.0274 3 ARA | 3607 | 20/10/2015 | Ej.3 | 20/10/2015 | Libros | Compra Promed 3er año, Octubre 2015 |